| 000 | 01647cam a2200445 a 4500 | ||
|---|---|---|---|
| 001 | 22014 | ||
| 003 | VRT | ||
| 005 | 20260317151113.0 | ||
| 008 | 240702s1997 xo gr 000 1 slo | ||
| 015 | _aSNBA1998/07-02550 | ||
| 020 | _a8088775299 | ||
| 035 | _aSNK000279045 | ||
| 035 | _aurn:nbn:sk:snk-amkhi7 | ||
| 035 | _aurn:nbn:sk:snk-am008gl9 | ||
| 035 | _a3E39E946-6FD8-40D2-83FC-C02260B62BE3 | ||
| 039 | 9 |
_a202411251100 _bmsnk123 _c202407021403 _dVLOAD _c202403181933 _dVLOAD _c202402261627 _dVLOAD |
|
| 040 |
_aSNK _bslo _cSNK _eAACR2 |
||
| 041 | 1 |
_aslo _heng |
|
| 044 |
_axo _cSK |
||
| 080 |
_a244 _21981 |
||
| 080 |
_a266 _21981 |
||
| 080 |
_a27-29 _22011 |
||
| 080 |
_a821.111(71)-32 _22011 |
||
| 100 | 1 |
_aPowers, Margaret Fishback _4aut |
|
| 240 | 1 | 0 |
_aFootprints _lSlovensky |
| 245 | 1 | 0 |
_aStopy v piesku _bpríbeh o básni, ktorá inšpirovala milióny ľudí _cMargaret F. Powersová ; [z anglického originálu preložil Jozef Šajda, báseň Stopy v piesku preložila Magda Žáryová] |
| 260 |
_aBratislava _bMotýľ _c1997 |
||
| 300 |
_a111 s. _c21 cm |
||
| 500 | _aÚdaj o prekl. prevzatý z rubu tit. strany | ||
| 650 | 0 | 7 |
_amisie _2SNKPH |
| 655 | 7 |
_akresťanská literatúra _2SNKPH |
|
| 655 | 7 |
_akanadské príbehy (anglicky) _2SNKPH |
|
| 700 | 1 |
_aŠajda, Jozef _4trl |
|
| 700 | 1 |
_aŽáryová, Magda, _d1927-2009 _4trl |
|
| 942 |
_2ddc _cKLDO _n0 |
||
| 949 |
_617A0130330 _9P60, <03>, [BOOK], {603} _asnkSC 95472 _bsnkKSP 3459/98 _s6100:20140925 |
||
| 949 |
_617A0130331 _9P60, <04>, [BOOK], {604} _asnkSC 95472 D1 _bsnkKSP 3460/98 |
||
| 999 |
_c22014 _d22014 |
||